Obras del V. P. M. F. Luis de Granada, del Sagrado Orden de Predicadores

Detalles Bibliográficos
Autor principal: Granada, Luis de, fray, 1504 - 1588
Formato: Libro
Lenguaje:Spanish
Publicado: en Madrid : en la imprenta de Manuel Martin, 1757
Edición:Nueva edicion
Materias:
Colección:Banco de datos
Acervo:Colección Antigua del Archivo Histórico del Colegio de San Ignacio de Loyola. Vizcaínas
Descripción Física:16 t. ; 4°
Tema general:Ascética - Obras
Notas:Portada con viñeta y pleca en grabado xilográfico. Encuadernación en pergamino sobre cartón. Anotación manuscrita en la portada: "Obras". Anotación manuscrita en la guarda posterior: "Obras del V. P. M. F. Luis de Granada del sadro orden de predicadores..." Sello en tinta del Colegio de la Paz, Biblioteca (Vizcaínas). Daños en la encuadernación. Testigo: página impresa, p. 49
LEADER 00962nam a22001810004500
035 |a 221 
041 0 |a spa 
100 1 |a Granada, Luis de, fray, 1504 - 1588 
245 1 0 |a Obras del V. P. M. F. Luis de Granada, del Sagrado Orden de Predicadores 
250 |a Nueva edicion 
260 |a en Madrid : en la imprenta de Manuel Martin, 1757 
300 |a 16 t. ; 4° 
500 |a Portada con viñeta y pleca en grabado xilográfico. Encuadernación en pergamino sobre cartón. Anotación manuscrita en la portada: "Obras". Anotación manuscrita en la guarda posterior: "Obras del V. P. M. F. Luis de Granada del sadro orden de predicadores..." Sello en tinta del Colegio de la Paz, Biblioteca (Vizcaínas). Daños en la encuadernación. Testigo: página impresa, p. 49 
650 1 0 |a Ascética - Obras 
949 |a t. 14 (58) 
942 |c VIZCANTI 
943 |g Colección Antigua del Archivo Histórico del Colegio de San Ignacio de Loyola. Vizcaínas 
999 |c 1092607  |d 1092607